00570pam a2200157 a 4500020000500000041000500005082002800010100002200038245006900060260002900129300000800158700001800166930000900184999001900193952020000212 c h a658.80999999999995bTHO aThomas, N, Ingram aSales Management Analysis And Decision MakinghTextual Documents aLondanbThe Dryden Press a426 aLaforge, R, W a9281 c116106d116106 001040708GeneralaAKSbAKScAKS-MBA-Ref-Rack-13d1996-08-27eShri Mahalaxmi Stationers And Book Sellersg1890.00l0o658.80999999999995 THOpAKS-M-03081r2023-03-01 00:00:00t1w2023-03-01yBK